000 00676nam a22001577a 4500
003 OSt
005 20150930162412.0
008 150930b xxu||||| |||| 00| 0 eng d
040 _cRUA
082 _aAGR SOK 2008 B063 Or.1
100 _91632
_aSOK, KUNTHEA.
245 _aEffect de quantite de chauk utilisee sur le pH du sol et la rendement de ciboule a svay rieng, ឥទ្ធិពលបរិមាណកំបោរទៅលើប៉េហាស់ដី និង​ទិន្នផលដំណាំខ្ទឹមស្លឹកនៅខេត្តស្វាយរៀង
260 _aPhnom Penh
_bRUA
_c2008
300 _avi; 36p.
_bill.
_c29cm.
942 _2ddc
_cAGR
999 _c1539
_d1539